000 00417nam a22001697a 4500
005 20180704121935.0
008 160511b xxu||||| |||| 00| 0 eng d
020 _a0-07-044501-X
041 _aeng
082 _b1405
_a658.15
100 _aChandan, Prarenna
_9483
245 _aFinancial Management(Theory & Practice)
260 _aNew Delhi
_bTMH
_c2004
300 _a1124
650 _aManagement
_9241
942 _cBK
999 _c602
_d602